Les Patrick célèbres - Statistiques

Statistiques générales
  • Ce quiz a été pris 718 fois
  • Le résultat moyen est 6 sur 14
Statistiques - réponses
Indice Réponse % Correct
Chanteur français à la voix cassée Patrick Bruel
98%
Chanteur français originaire de Corse, et très attaché à Notre-Dame de Paris Patrick Fiori
80%
Journaliste français qui a présenté le 20 heures pendant de longues années Patrick Poivre d'Arvor
72%
Homme politique français, actuellement en procès Patrick Balkany
66%
Imitateur et présentateur de télé du samedi soir, amateur de rugby Patrick Sébastien
65%
Humoriste français plutôt féroce, également acteur ("un Indien dans la ville") et réalisateur Patrick Timsit
54%
Chanteur français auteur d'un unique tube planétaire - toujours vivant, il est né pour ça ! Patrick Hernandez
49%
Acteur français suicidé en pleine gloire Patrick Dewaere
48%
Célébrité irlandaise morte, probablement, un 17 mars Saint Patrick
36%
Animateur de télé des années 80 qu'on a aussi beaucoup vu dans une pub d'eau minérale Patrick Sabatier
33%
Ecrivain allemand, auteur notamment du roman "le parfum" Patrick Suskind
23%
L'un des premiers cosmonautes français Patrick Baudry
11%
Ecrivain français (1932-2010) auteur notamment de "E=mC2 mon amour" Patrick Cauvin
5%
Ecrivain français originaire de la Martinique et prix Goncourt en 1992 Patrick Chamoiseau
4%
Aucun quiz correspondant
Distribution des résultats
% des personnes avec chaque résultat
Percentile par nombre de réponses
Votre historique - résultats
Vous n’avez pas pris ce quiz